00480nam a22001577a 450000500170000000800410001702000280005804100130008608200140009910000260011324500590013925000190019826000510021730000290026865000250029720231102104501.0231102b |||||||| |||| 00| 0 eng d a070210826 ; 07021082708 aEnglish  a346.6 GIB aGibson, JTR lEnglish aSouth African Mercantile and Company Law /cJTR Gibson aFourth Edition aCape Town : bJuta and Company Limited, c1977 bxxx, 625 pages ;c26 cm. aLegal practice bLaw